[Event "Bundesliga 8990"]
[Site "Germany"]
[Date "1990.??.??"]
[Round "?.8"]
[White "Dueball, Juergen"]
[Black "Hecht, Hans Joachim"]
[Result "1-0"]
[WhiteElo "2445"]
[BlackElo "2435"]
[PlyCount "115"]
[EventDate "1989.10.??"]
[EventType "team-tourn"]
[EventRounds "15"]
[EventCountry "GER"]
[SourceTitle "GER-chT"]
[Source "ChessBase"]
[SourceDate "1999.07.01"]
[SourceVersion "1"]
[SourceVersionDate "1999.07.01"]
[SourceQuality "1"]
[WhiteTeam "Solingen"]
[BlackTeam "Bayern Muenchen"]
[WhiteTeamCountry "GER"]
[BlackTeamCountry "GER"]

1. c4 Nf6 2. Nc3 e6 3. Nf3 Bb4 4. Qc2 0-0 5. a3 Bxc3 6. Qxc3 d6 7. b4 Nbd7 8. g3 b6 9. Bg2 Bb7 10. 0-0 c5 11. Bb2 Rc8 12. Qc2 Rc7 13. bxc5 bxc5 14. Rab1 Bc6 15. Bc3 Rc8 16. d3 Rb8 17. e4 Rxb1 18. Rxb1 Qc7 19. Nd2 Rb8 20. Rxb8+ Qxb8 21. Qb3 Qxb3 22. Nxb3 Ba4 23. Na5 Kf8 24. d4 cxd4 25. Bxd4 a6 26. Nb7 Ke7 27. c5 dxc5 28. Nxc5 Nxc5 29. Bxc5+ Kd7 30. f3 h5 31. Kf2 g6 32. Ke3 e5 33. Bh3+ Kc6 34. Be7 Nd7 35. f4 Bb5 36. Bb4 Bc4 37. fxe5 g5 38. Bf5 Be6 39. Kd4 Kb5 40. h3 Nb8 41. Bd6 Nc6+ 42. Ke3 Kc4 43. h4 gxh4 44. gxh4 Bxf5 45. exf5 Kd5 46. Kf4 f6 47. Bc7 Nxe5 48. Bxe5 fxe5+ 49. Kg5 e4 50. f6 e3 51. f7 e2 52. f8Q e1Q 53. Kxh5 Qe2+ 54. Kg5 Qg2+ 55. Kh6 Qd2+ 56. Kg7 Qc3+ 57. Kf7 a5 58. Qa8+ 1-0

[Event "Bundesliga 9091"]
[Site "Germany"]
[Date "1990.??.??"]
[Round "?.7"]
[White "Dueball, Juergen"]
[Black "Urban, Julian"]
[Result "0-1"]
[WhiteElo "2445"]
[BlackElo "2330"]
[PlyCount "78"]
[EventDate "1990.10.06"]
[EventType "team-tourn"]
[EventRounds "15"]
[EventCountry "GER"]
[SourceTitle "GER-chT"]
[Source "ChessBase"]
[SourceDate "1999.07.01"]
[SourceVersion "1"]
[SourceVersionDate "1999.07.01"]
[SourceQuality "1"]
[WhiteTeam "Solingen"]
[BlackTeam "Koenig Tegel"]
[WhiteTeamCountry "GER"]
[BlackTeamCountry "GER"]

1. e4 e5 2. Nf3 d6 3. d4 Nf6 4. dxe5 Nxe4 5. Nbd2 Nxd2 6. Bxd2 Be7 7. Bd3 d5 8. h3 c5 9. c3 Nc6 10. 0-0 Be6 11. Re1 h6 12. Qc2 Qd7 13. c4 d4 14. a3 0-0-0 15. Rab1 g5 16. b4 Rdg8 17. bxc5 h5 18. Nh2 g4 19. h4 g3 20. fxg3 Rxg3 21. Bf4 Rxd3 22. Qxd3 Bf5 23. Re4 Rg8 24. Rd1 Qe6 25. Qf3 d3 26. Rxd3 Qg6 27. Ree3 Bxc5 28. Rd6 Nd4 29. Rxg6 Nxf3+ 30. Kh1 Rxg6 31. Rxf3 Be4 32. Rg3 Rxg3 33. Bxg3 Bxa3 34. Bf2 a5 35. Bd4 Bd3 36. g4 Bc1 37. gxh5 a4 38. Ng4 a3 39. Nf2 Bc2 0-1

[Event "Bundesliga 8990"]
[Site "Germany"]
[Date "1990.??.??"]
[Round "?.8"]
[White "Eppinger, Georg"]
[Black "Dueball, Juergen"]
[Result "1/2-1/2"]
[WhiteElo "2260"]
[BlackElo "2445"]
[PlyCount "45"]
[EventDate "1989.10.??"]
[EventType "team-tourn"]
[EventRounds "15"]
[EventCountry "GER"]
[SourceTitle "GER-chT"]
[Source "ChessBase"]
[SourceDate "1999.07.01"]
[SourceVersion "1"]
[SourceVersionDate "1999.07.01"]
[SourceQuality "1"]
[WhiteTeam "Muenchen 36"]
[BlackTeam "Solingen"]
[WhiteTeamCountry "GER"]
[BlackTeamCountry "GER"]

1. e4 c5 2. Nf3 Nc6 3. Bb5 g6 4. 0-0 Bg7 5. Re1 Nf6 6. e5 Nd5 7. Nc3 Nc7 8. Bxc6 dxc6 9. h3 0-0 10. d3 Ne6 11. Ne4 b6 12. b3 Nd4 13. Bb2 Bf5 14. Ng3 Be6 15. c3 Nxf3+ 16. Qxf3 Qc7 17. d4 cxd4 18. cxd4 Bd5 19. Qe3 Qd7 20. Ne2 Rfd8 21. Nf4 Bh6 22. Qg3 Bxf4 23. Qxf4 1/2-1/2

[Event "BL2-West 9091"]
[Site "Germany"]
[Date "1990.??.??"]
[Round "?.1"]
[White "Watson, William N"]
[Black "Dueball, Juergen"]
[Result "1/2-1/2"]
[WhiteElo "2505"]
[BlackElo "2445"]
[PlyCount "37"]
[EventDate "1990.10.??"]
[EventType "team-tourn"]
[EventRounds "9"]
[EventCountry "GER"]
[SourceTitle "GER-chT2"]
[Source "ChessBase"]
[SourceDate "1999.07.01"]
[SourceVersion "1"]
[SourceVersionDate "1999.07.01"]
[SourceQuality "1"]
[WhiteTeam "Castrop Rauxel"]
[BlackTeam "Solingen II"]
[WhiteTeamCountry "GER"]
[BlackTeamCountry "GER"]

1. e4 e5 2. Nf3 Nc6 3. Bb5 a6 4. Ba4 Nf6 5. 0-0 Be7 6. Re1 b5 7. Bb3 0-0 8. d4 Nxd4 9. Nxd4 exd4 10. e5 Ne8 11. Qxd4 c5 12. Qe4 Rb8 13. c4 Bb7 14. Qg4 bxc4 15. Bxc4 d5 16. exd6 Nxd6 17. Bf1 Nb5 18. Bf4 Bd6 19. Bg5 1/2-1/2

[Event "Bundesliga 8990"]
[Site "Germany"]
[Date "1990.??.??"]
[Round "?.8"]
[White "Weber, Marc"]
[Black "Dueball, Juergen"]
[Result "1/2-1/2"]
[WhiteElo "2305"]
[BlackElo "2445"]
[PlyCount "55"]
[EventDate "1989.10.??"]
[EventType "team-tourn"]
[EventRounds "15"]
[EventCountry "GER"]
[SourceTitle "GER-chT"]
[Source "ChessBase"]
[SourceDate "1999.07.01"]
[SourceVersion "1"]
[SourceVersionDate "1999.07.01"]
[SourceQuality "1"]
[WhiteTeam "Heidelberg"]
[BlackTeam "Solingen"]
[WhiteTeamCountry "GER"]
[BlackTeamCountry "GER"]

1. Nf3 Nf6 2. g3 g6 3. Bg2 Bg7 4. 0-0 0-0 5. d3 d5 6. Nbd2 Nc6 7. e4 dxe4 8. dxe4 h6 9. Qe2 Be6 10. Re1 Qc8 11. c3 Rd8 12. Nb3 Bg4 13. Qf1 a5 14. Nbd4 Nxd4 15. Nxd4 e5 16. Nf3 Ne8 17. Be3 Nd6 18. Nd2 a4 19. c4 Qd7 20. Rac1 Kh7 21. Kh1 Nc8 22. Nb1 Ne7 23. Nc3 Nc6 24. Nd5 Re8 25. h3 Be6 26. Rcd1 Nd4 27. Bxd4 exd4 28. f4 1/2-1/2